[Event "Quebec-ch U12"]
[Site "Montreal CAN"]
[Date "2003.03.08"]
[Round "2"]
[White "Jorge, Ivan"]
[Black "Mogensen, Asgeir"]
[Result "0-1"]
[WhiteElo "1152"]
[BlackElo "1100"]
[PlyCount "90"]
[EventDate "2003.03.07"]
[EventType "tourn"]
[EventRounds "5"]
[EventCountry "CAN"]

1. d4 d5 2. Nc3 Nf6 3. h3 c5 4. dxc5 e5 5. Bg5 Bxc5 6. e4 d4 7. Nd5 Qa5+ 8. Ke2
Nxd5 9. exd5 O-O 10. a3 Bd6 11. Qd3 b6 12. Bd2 Qxd5 13. Qf3 e4 14. Qb3 d3+ 15.
Kd1 dxc2+ 16. Kxc2 Qxb3+ 17. Kxb3 Be6+ 18. Kc2 Rc8+ 19. Bc3 Bf5 20. Kd1 Rd8 21.
Ke1 Nc6 22. Bb5 Ne5 23. Ne2 Nd3+ 24. Kf1 Bc5 25. Bxd3 exd3 26. Ng3 Bg6 27. Rd1
h5 28. f3 h4 29. Ne4 Bxe4 30. fxe4 Rd7 31. Ke1 Re8 32. Kd2 Rxe4 33. Rhe1 Rf4
34. Rf1 Rxf1 35. Rxf1 Bd4 36. Rf3 Bxc3+ 37. bxc3 f6 38. Rxd3 Rxd3+ 39. Kxd3 Kf7
40. Kc4 Ke6 41. Kb5 Kd6 42. Ka6 Kc6 43. Kxa7 g5 44. a4 f5 45. a5 bxa5 0-1

[Event "Quebec-ch U12"]
[Site "Montreal CAN"]
[Date "2003.03.08"]
[Round "2"]
[White "Lawson, Bianca"]
[Black "McNeil-Duval, Hugues"]
[Result "1/2-1/2"]
[WhiteElo "999"]
[BlackElo "1379"]
[PlyCount "72"]
[EventDate "2003.03.07"]
[EventType "tourn"]
[EventRounds "5"]
[EventCountry "CAN"]

1. e4 e6 2. d4 d5 3. e5 c5 4. c3 Nc6 5. Nf3 Qb6 6. dxc5 Bxc5 7. Qe2 f6 8. b4
Be7 9. Be3 Qc7 10. Bf4 fxe5 11. Nxe5 Bd6 12. Nxc6 Qxc6 13. Bxd6 Qxd6 14. Qb5+
Qd7 15. Be2 Nf6 16. Qxd7+ Bxd7 17. f3 Rc8 18. O-O O-O 19. Rc1 d4 20. c4 e5 21.
Nd2 Bf5 22. g4 Bg6 23. g5 Nh5 24. Ne4 Nf4 25. Bf1 Rfd8 26. c5 Bxe4 27. fxe4 d3
28. Rd1 Ne2+ 29. Bxe2 dxe2 30. Rxd8+ Rxd8 31. Re1 Rd1 32. Kf2 Rxe1 33. Kxe1 Kf7
34. Kxe2 Kg6 35. h4 Kh5 36. b5 Kxh4 1/2-1/2

[Event "Quebec-ch U12"]
[Site "Montreal CAN"]
[Date "2003.03.08"]
[Round "2"]
[White "Rozybakiyev, Rasul"]
[Black "Daigle, Francis"]
[Result "1-0"]
[WhiteElo "1458"]
[BlackElo "1305"]
[PlyCount "101"]
[EventDate "2003.03.07"]
[EventType "tourn"]
[EventRounds "5"]
[EventCountry "CAN"]

1. e4 e5 2. Nf3 Nc6 3. Bc4 Nf6 4. d3 Bc5 5. O-O d6 6. c3 Bg4 7. Be3 Bxe3 8.
fxe3 Qd7 9. Nbd2 O-O-O 10. b4 Rhf8 11. a4 h5 12. a5 a6 13. b5 Nb8 14. bxa6 Nxa6
15. Bxa6 bxa6 16. Qb3 Qb5 17. Qxb5 axb5 18. c4 bxc4 19. Nxc4 Kd7 20. h3 Be6 21.
Rfc1 Ra8 22. Nfd2 Ra6 23. Rc3 g5 24. Re1 g4 25. Kh2 h4 26. d4 g3+ 27. Kg1 Bxc4
28. Rxc4 Rc8 29. Rf1 Ke7 30. dxe5 dxe5 31. Rc5 Nd7 32. Rb5 Rca8 33. Nc4 Rc6 34.
Nxe5 Nxe5 35. Rxe5+ Re6 36. Rxe6+ Kxe6 37. Rf5 Rb8 38. Kf1 Rb1+ 39. Ke2 Rb2+
40. Kf3 Rb3 41. Rh5 Ra3 42. Rh6+ Ke7 43. Rxh4 Rxa5 44. Kxg3 Rg5+ 45. Rg4 Rxg4+
46. Kxg4 c5 47. h4 Kf8 48. Kf3 Kg7 49. Ke2 Kh6 50. g4 f6 51. Kd3 1-0

[Event "Quebec-ch U12"]
[Site "Montreal CAN"]
[Date "2003.03.08"]
[Round "3"]
[White "Daigle, Francis"]
[Black "Jorge, Ivan"]
[Result "1/2-1/2"]
[WhiteElo "1305"]
[BlackElo "1132"]
[PlyCount "72"]
[EventDate "2003.03.07"]
[EventType "tourn"]
[EventRounds "5"]
[EventCountry "CAN"]

1. e4 e5 2. Nf3 Nf6 3. Nxe5 Qe7 4. Nf3 Qxe4+ 5. Qe2 Bc5 6. Nc3 Qxe2+ 7. Bxe2
O-O 8. O-O a6 9. Bc4 d6 10. Re1 Nc6 11. h3 h6 12. d3 Bf5 13. Be3 Bxe3 14. Rxe3
Rfe8 15. Rae1 Kf8 16. Nd5 Nxd5 17. Bxd5 Bd7 18. c3 Rab8 19. d4 Ne7 20. Bb3 Bc6
21. Bd1 Nd5 22. Rxe8+ Rxe8 23. Rxe8+ Kxe8 24. Bb3 Nb6 25. Kf1 Bd5 26. Bxd5 Nxd5
27. g3 g6 28. h4 Ke7 29. Ke2 Nf6 30. Nd2 b6 31. b4 Nd5 32. Kd3 Ke6 33. a3 Nf6
34. f3 d5 35. c4 c6 36. c5 b5 1/2-1/2

[Event "Quebec-ch U12"]
[Site "Montreal CAN"]
[Date "2003.03.08"]
[Round "3"]
[White "McNeil-Duval, Hugues"]
[Black "Rozybakiyev, Rasul"]
[Result "0-1"]
[WhiteElo "1379"]
[BlackElo "1458"]
[PlyCount "58"]
[EventDate "2003.03.07"]
[EventType "tourn"]
[EventRounds "5"]
[EventCountry "CAN"]

1. e4 c5 2. Nf3 d6 3. g3 Nf6 4. d3 g6 5. Bg2 Bg7 6. Nbd2 Nc6 7. O-O O-O 8. c3
b6 9. Re1 Bb7 10. Nf1 Qc7 11. Bg5 Rad8 12. Ne3 e6 13. Qc2 h6 14. Bxf6 Bxf6 15.
d4 Ne7 16. Qd2 Bg7 17. Rac1 Bxe4 18. Ng4 Bxf3 19. Bxf3 Kh7 20. Qe2 Nf5 21. Ne3
Nxe3 22. Qxe3 h5 23. h4 Bh6 24. Qd3 Bxc1 25. Rxc1 Kg7 26. Bg2 d5 27. Qe3 Rfe8
28. Qd2 e5 29. dxc5 Qxc5 0-1

[Event "Quebec-ch U12"]
[Site "Montreal CAN"]
[Date "2003.03.08"]
[Round "3"]
[White "Mogensen, Asgeir"]
[Black "Lawson, Bianca"]
[Result "0-1"]
[WhiteElo "1100"]
[BlackElo "999"]
[PlyCount "112"]
[EventDate "2003.03.07"]
[EventType "tourn"]
[EventRounds "5"]
[EventCountry "CAN"]

1. e4 e5 2. f4 d6 3. Nf3 Nc6 4. Bc4 Bg4 5. O-O Nd4 6. h3 Nxf3+ 7. Rxf3 Bxf3 8.
Qxf3 Nf6 9. d4 Nd7 10. fxe5 f6 11. Bf4 Qe7 12. e6 Nb6 13. Bb3 O-O-O 14. d5 g5
15. Be3 Kb8 16. Nc3 a6 17. Na4 Nxa4 18. Bxa4 Bh6 19. Bd4 Bg7 20. Qb3 f5 21. Bc6
Bxd4+ 22. Kh1 Bb6 23. Bd7 fxe4 24. Rf1 Rhf8 25. Re1 Rxd7 26. exd7 Qxd7 27. Rxe4
Re8 28. Re6 Bf2 29. Kh2 Qf7 30. Qf3 Rf8 31. Qxf7 Rxf7 32. Re2 Bd4 33. c4 Be5+
34. Kg1 c6 35. dxc6 bxc6 36. c5 Bd4+ 37. Kh2 Bxc5 38. Rc2 Bd4 39. Rxc6 Be5+ 40.
Kg1 Ka7 41. b3 Rd7 42. Kf2 d5 43. Ke2 d4 44. Kd3 Kb7 45. Rc5 Bg7 46. Rxg5 Rc7
47. Ke2 Re7+ 48. Kd1 Rd7 49. Rg4 d3 50. Rc4 Bh6 51. g4 d2 52. h4 Be3 53. Rc3
Re7 54. Rd3 Bf4 55. h5 Re1+ 56. Kc2 Rc1+ 0-1

[Event "Quebec-ch U12"]
[Site "Montreal CAN"]
[Date "2003.03.09"]
[Round "4"]
[White "Daigle, Francis"]
[Black "McNeil-Duval, Hugues"]
[Result "0-1"]
[WhiteElo "1305"]
[BlackElo "1379"]
[PlyCount "36"]
[EventDate "2003.03.07"]
[EventType "tourn"]
[EventRounds "5"]
[EventCountry "CAN"]

1. e4 e6 2. Nc3 d5 3. exd5 exd5 4. Qe2+ Be7 5. d4 Nf6 6. Bg5 O-O 7. O-O-O Re8
8. Qd2 Bf5 9. Nf3 Ne4 10. Nxe4 dxe4 11. Bxe7 Qxe7 12. Re1 Qf6 13. Bc4 Nd7 14.
Qe2 exf3 15. Qxf3 c6 16. d5 Ne5 17. Qd1 Nxc4 18. Re2 Qxb2# 0-1

[Event "Quebec-ch U12"]
[Site "Montreal CAN"]
[Date "2003.03.09"]
[Round "4"]
[White "Jorge, Ivan"]
[Black "Lawson, Bianca"]
[Result "1-0"]
[WhiteElo "1152"]
[BlackElo "999"]
[PlyCount "93"]
[EventDate "2003.03.07"]
[EventType "tourn"]
[EventRounds "5"]
[EventCountry "CAN"]

1. d4 d5 2. Nc3 Nf6 3. h3 h6 4. Nf3 Nc6 5. Bf4 a6 6. a3 Bf5 7. e3 e6 8. Bd3 Be7
9. Bxf5 exf5 10. O-O O-O 11. Qd3 Qd7 12. Bg3 Bd6 13. Bxd6 cxd6 14. Rfe1 Ne4 15.
Nxd5 Qe6 16. Nc7 Qd7 17. Nxa8 Rxa8 18. Nd2 d5 19. Nxe4 fxe4 20. Qe2 Ne7 21.
Rac1 Rc8 22. c3 b5 23. Ra1 Ng6 24. Qg4 Qd8 25. a4 Ra8 26. Ra2 Qb8 27. Qd7 bxa4
28. Qxd5 Ra7 29. Qxe4 Qb5 30. Qc2 Qg5 31. Qe4 Nh4 32. g3 Nf5 33. Qf4 Qxf4 34.
exf4 Rb7 35. Re2 a3 36. Rxa3 Rb6 37. b4 Nd6 38. Ra5 Nc4 39. Rc5 Nd6 40. f3 Kh7
41. Re7 Kg8 42. Rec7 Nb5 43. R7c6 Rb7 44. Rxa6 Nc7 45. Rac6 Ne6 46. Re5 Nc7 47.
Re7 1-0

[Event "Quebec-ch U12"]
[Site "Montreal CAN"]
[Date "2003.03.09"]
[Round "4"]
[White "Rozybakiyev, Rasul"]
[Black "Mogensen, Asgeir"]
[Result "1-0"]
[WhiteElo "1468"]
[BlackElo "1100"]
[PlyCount "81"]
[EventDate "2003.03.07"]
[EventType "tourn"]
[EventRounds "5"]
[EventCountry "CAN"]

1. e4 e5 2. Nf3 Nc6 3. Bc4 Be7 4. O-O Nf6 5. d3 O-O 6. Bg5 h6 7. Bh4 d6 8. c3
Bg4 9. Nbd2 Nd7 10. Bxe7 Qxe7 11. h3 Bh5 12. b4 a6 13. a4 Qd8 14. Qb3 Kh8 15.
Bd5 Nf6 16. b5 Nxd5 17. bxc6 Nf4 18. cxb7 Rb8 19. d4 exd4 20. cxd4 Re8 21. Qe3
Nd5 22. Qd3 Nf6 23. Qxa6 Nxe4 24. Qc6 Nxd2 25. Nxd2 Re6 26. d5 Re2 27. Nc4 Rc2
28. Rfc1 Rxc1+ 29. Rxc1 f5 30. f3 Be8 31. Qa6 Qg5 32. Re1 Qd8 33. Na5 Bd7 34.
Nc6 Bxc6 35. Qxc6 g5 36. a5 h5 37. a6 g4 38. a7 Kg7 39. a8=Q Rxa8 40. bxa8=Q
Qh4 41. Qxc7+ 1-0

[Event "Quebec-ch U12"]
[Site "Montreal CAN"]
[Date "2003.03.09"]
[Round "5"]
[White "Lawson, Bianca"]
[Black "Rozybakiyev, Rasul"]
[Result "0-1"]
[WhiteElo "999"]
[BlackElo "1448"]
[PlyCount "80"]
[EventDate "2003.03.07"]
[EventType "tourn"]
[EventRounds "5"]
[EventCountry "CAN"]

1. e4 c5 2. Nf3 d6 3. d4 cxd4 4. Nxd4 Nf6 5. Nc3 g6 6. Be3 Bg7 7. Be2 Nc6 8.
O-O O-O 9. Qd2 Bd7 10. a3 a6 11. Rad1 Rc8 12. b4 b5 13. Qd3 Ne5 14. Qd2 Nc4 15.
Bxc4 Rxc4 16. Nce2 Nxe4 17. Qd3 f5 18. f3 Nf6 19. c3 Nd5 20. Bf2 Nb6 21. Qc2 e5
22. Nb3 Qb8 23. Na5 Rcc8 24. Bxb6 Qxb6+ 25. Kh1 f4 26. Qb3+ Kh8 27. Qd5 Rf6 28.
Qb7 Qc7 29. Qxa6 Rb8 30. c4 d5 31. Qxf6 Bxf6 32. cxd5 Qc2 33. Ng1 Qa2 34. Rd3
Bf5 35. Rdd1 Qxa3 36. Nc6 Rc8 37. Rc1 Qa2 38. Ne7 Bxe7 39. Rxc8+ Bxc8 40. Rc1
Bf5 0-1

[Event "Quebec-ch U12"]
[Site "Montreal CAN"]
[Date "2003.03.09"]
[Round "5"]
[White "McNeil-Duval, Hugues"]
[Black "Jorge, Ivan"]
[Result "1-0"]
[WhiteElo "1379"]
[BlackElo "1152"]
[PlyCount "127"]
[EventDate "2003.03.07"]
[EventType "tourn"]
[EventRounds "5"]
[EventCountry "CAN"]

1. e4 e5 2. Nc3 Bc5 3. f4 exf4 4. Nf3 d6 5. d4 Bb6 6. Bxf4 Nc6 7. Bc4 Nge7 8.
O-O h6 9. Qd2 Ng6 10. Be3 Qe7 11. Nd5 Qd8 12. Nxb6 axb6 13. Bb5 Bd7 14. Rae1
Na5 15. Bd3 Nc6 16. Bc4 Na5 17. Bxf7+ Kxf7 18. Ne5+ Ke8 19. Nxg6 Rg8 20. Qf2
Qf6 21. Qxf6 gxf6 22. Rxf6 Bb5 23. Bxh6 Rd8 24. e5 Kd7 25. e6+ Kc8 26. e7 Rde8
27. Rf8 Kb8 28. Rxe8+ Bxe8 29. Rf1 Nc6 30. Rf8 Nxe7 31. Nxe7 Rxf8 32. Bxf8 Bf7
33. a3 c6 34. h4 Kc7 35. g4 Kd7 36. Nf5 d5 37. Kf2 Bg6 38. Kf3 Ke8 39. Bd6 Kf7
40. Be5 Ke6 41. Kf4 c5 42. c3 c4 43. Kg5 Bh7 44. h5 b5 45. h6 b6 46. Kh5 Bxf5
47. gxf5+ Kxf5 48. h7 b4 49. axb4 b5 50. h8=Q Ke4 51. Qf6 Kd3 52. Qe6 Kc2 53.
Qxd5 Kxb2 54. Qxb5 Kxc3 55. Bf4 Kb3 56. d5 c3 57. Qd3 Kxb4 58. Qxc3+ Kxc3 59.
d6 Kb2 60. d7 Ka1 61. d8=Q Kb1 62. Qd2 Ka1 63. Be5+ Kb1 64. Qb2# 1-0

[Event "Quebec-ch U12"]
[Site "Montreal CAN"]
[Date "2003.03.09"]
[Round "5"]
[White "Mogensen, Asgeir"]
[Black "Daigle, Francis"]
[Result "1-0"]
[WhiteElo "1100"]
[BlackElo "1305"]
[PlyCount "115"]
[EventDate "2003.03.07"]
[EventType "tourn"]
[EventRounds "5"]
[EventCountry "CAN"]

1. e4 e5 2. Nf3 Nc6 3. Bc4 Nf6 4. Nc3 Bc5 5. O-O d6 6. d3 Bg4 7. Be3 Bd4 8. h3
Bh5 9. Bg5 h6 10. Bh4 g5 11. Bg3 Qd7 12. Nb5 a6 13. Nc3 O-O-O 14. Nd5 Nxd5 15.
exd5 Ne7 16. c3 Bb6 17. b4 f5 18. Nxe5 Bxd1 19. Nxd7 Be2 20. Nxb6+ cxb6 21.
Rfe1 Nxd5 22. Bxd5 Bxd3 23. Rad1 Bb5 24. Re7 f4 25. Bh2 Ba4 26. Rde1 Rd7 27.
Be6 Kd8 28. Bxd7 Bxd7 29. Rg7 b5 30. f3 b6 31. Kf1 a5 32. a3 a4 33. Bg1 Kc7 34.
Bd4 Rf8 35. Ree7 Rd8 36. Bxb6+ Kxb6 37. Rxd7 Rc8 38. Rxd6+ Rc6 39. Rxc6+ Kxc6
40. Rg6+ Kd5 41. Rxh6 Kc4 42. Rb6 Kb3 43. Rxb5 Kxa3 44. c4 Kb3 45. Rxg5 a3 46.
Ra5 Kxb4 47. Rxa3 Kxa3 48. h4 Kb4 49. h5 Kxc4 50. h6 Kc3 51. h7 Kb2 52. h8=Q+
Kb1 53. Qc3 Ka2 54. Ke2 Kb1 55. Kd2 Ka2 56. Qb4 Ka1 57. Kc2 Ka2 58. Qa4# 1-0

[Event "Quebec-ch U14"]
[Site "Montreal CAN"]
[Date "2003.03.07"]
[Round "1"]
[White "Lawson, Jonathan"]
[Black "Rodriguez, Aaron"]
[Result "1/2-1/2"]
[WhiteElo "1682"]
[BlackElo "1795"]
[PlyCount "66"]
[EventDate "2003.03.07"]
[EventType "tourn"]
[EventRounds "6"]
[EventCountry "CAN"]

1. e4 g6 2. d4 Bg7 3. Nf3 d6 4. Be3 Nf6 5. Nc3 O-O 6. Be2 Nbd7 7. O-O e5 8. d5
h6 9. Qd2 Ng4 10. h3 Nxe3 11. fxe3 Nf6 12. Bd3 h5 13. Qf2 Nh7 14. Qg3 Bh6 15.
Rae1 Ng5 16. Nh4 Bg7 17. Re2 Bf6 18. Nf3 Nxf3+ 19. Qxf3 Bh4 20. Nd1 Bd7 21. g4
hxg4 22. hxg4 Kg7 23. Rh2 Qg5 24. Rg2 f6 25. Nf2 Bxf2+ 26. Rfxf2 Rh8 27. Be2
Rh4 28. Kf1 Rah8 29. Ke1 Rh1+ 30. Kd2 R1h3 31. Rg3 Bxg4 32. Qxg4 Rxg3 33. Qd7+
Kf8 1/2-1/2

[Event "Quebec-ch U14"]
[Site "Montreal CAN"]
[Date "2003.03.07"]
[Round "1"]
[White "Ye, Ling Feng"]
[Black "Mathieu, Jean Phillipe"]
[Result "1/2-1/2"]
[WhiteElo "1662"]
[BlackElo "1851"]
[PlyCount "78"]
[EventDate "2003.03.07"]
[EventType "tourn"]
[EventRounds "6"]
[EventCountry "CAN"]

1. e4 e5 2. Nf3 Nc6 3. Bb5 Bc5 4. O-O d6 5. d4 exd4 6. Nxd4 Bd7 7. c3 Nf6 8.
Bg5 Ne5 9. Bxd7+ Nexd7 10. Nd2 O-O 11. N2b3 h6 12. Bxf6 Qxf6 13. Kh1 Bb6 14. f4
Qg6 15. Nf5 Qf6 16. Qg4 Kh7 17. Rf3 Rae8 18. Re1 Nc5 19. Nxc5 Bxc5 20. a4 a6
21. Qh3 Re6 22. g4 Kg8 23. g5 hxg5 24. fxg5 Qg6 25. Qh4 f6 26. Rg3 Bf2 27. Reg1
Bxg3 28. Rxg3 Kf7 29. gxf6 Qxf6 30. Rxg7+ Qxg7 31. Nxg7 Kxg7 32. h3 Rg6 33. Kh2
Rf7 34. b4 Rff6 35. Qe1 Rf3 36. e5 Re6 37. Qe2 Rf5 38. Qg2+ Kf7 39. exd6 Rxd6
1/2-1/2

[Event "Quebec-ch U14"]
[Site "Montreal CAN"]
[Date "2003.03.08"]
[Round "2"]
[White "Lawson, Jonathan"]
[Black "Ye, Ling Feng"]
[Result "1/2-1/2"]
[WhiteElo "1682"]
[BlackElo "1662"]
[PlyCount "111"]
[EventDate "2003.03.07"]
[EventType "tourn"]
[EventRounds "6"]
[EventCountry "CAN"]

1. e4 c5 2. c3 d5 3. exd5 Qxd5 4. d4 Nf6 5. Nf3 Bg4 6. Be2 e6 7. O-O Be7 8. Be3
cxd4 9. cxd4 Nc6 10. Nc3 Qd6 11. h3 Bh5 12. g4 Bg6 13. Ne5 O-O 14. f4 h6 15.
Bf3 Nd5 16. Nxd5 exd5 17. Qb3 Nb4 18. Nxg6 Qxg6 19. Bxd5 Rab8 20. a3 Nc2 21.
Rac1 Nxe3 22. Qxe3 Qd6 23. Bg2 Bf6 24. Rfd1 Rfd8 25. d5 Bxb2 26. Rc4 Qxa3 27.
Qxa3 Bxa3 28. Ra1 b5 29. Rc2 b4 30. Rc7 a5 31. Ra7 Bb2 32. Rd1 Ra8 33. Rxa8
Rxa8 34. d6 Rd8 35. d7 a4 36. Bc6 a3 37. Re1 Bf6 38. Re8+ Kh7 39. Rxd8 Bxd8 40.
Bd5 Kg6 41. Kf2 Kf6 42. Ke2 Ke7 43. Kd2 Bc7 44. f5 g6 45. Kc2 gxf5 46. gxf5
Kxd7 47. Bxf7 Ke7 48. Be6 Be5 49. Kb3 Bc3 50. Bc8 Kf6 51. Bd7 Kg5 52. Be6 h5
53. Bf7 h4 54. Be6 Kf6 55. Bd7 Ke5 56. Be6 1/2-1/2

[Event "Quebec-ch U14"]
[Site "Montreal CAN"]
[Date "2003.03.08"]
[Round "2"]
[White "Rodriguez, Aaron"]
[Black "Mathieu, Jean Phillipe"]
[Result "0-1"]
[WhiteElo "1795"]
[BlackElo "1851"]
[PlyCount "134"]
[EventDate "2003.03.07"]
[EventType "tourn"]
[EventRounds "6"]
[EventCountry "CAN"]

1. e4 e5 2. Nf3 Nc6 3. Bb5 Bc5 4. O-O d6 5. h3 Nf6 6. Re1 O-O 7. c3 Bd7 8. d3
h6 9. Be3 Bb6 10. Nbd2 Re8 11. Nf1 Ne7 12. Bc4 Ng6 13. Ng3 Be6 14. Bb3 Qd7 15.
Kh2 c6 16. Qd2 Bc7 17. Bc2 Rad8 18. d4 d5 19. Kg1 Nxe4 20. Nxe4 dxe4 21. Bxe4
f5 22. Bc2 e4 23. Nh2 f4 24. Bxe4 fxe3 25. fxe3 Bxh2+ 26. Kxh2 Qd6+ 27. Kh1 Bd5
28. Bd3 Nh4 29. e4 Bf7 30. Qf2 Ng6 31. Rf1 Rf8 32. Qd2 Be6 33. Rxf8+ Nxf8 34.
Qe3 Nd7 35. Bc2 Rf8 36. Qd3 Qe7 37. Qg3 Qf7 38. Kg1 Qf4 39. Qxf4 Rxf4 40. a3
Rf8 41. Rf1 Rxf1+ 42. Kxf1 Kf7 43. Kf2 Ke7 44. b3 b5 45. Ke3 Nb6 46. Kf4 a5 47.
h4 a4 48. bxa4 bxa4 49. g4 Bb3 50. Bd3 Bc4 51. Bc2 Bb5 52. e5 Nd5+ 53. Ke4
Nxc3+ 54. Ke3 Nd5+ 55. Kd2 Nb6 56. Kc3 Nc4 57. Kb4 Ne3 58. Bf5 Nxf5 59. gxf5
Bd3 60. Kxa4 Bxf5 61. Kb4 g5 62. hxg5 hxg5 63. Kc3 Ke6 64. a4 Kd5 65. a5 Bc8
66. Kd3 Ba6+ 67. Ke3 Bc4 0-1

[Event "Quebec-ch U14"]
[Site "Montreal CAN"]
[Date "2003.03.08"]
[Round "3"]
[White "Mathieu, Jean Phillipe"]
[Black "Lawson, Jonathan"]
[Result "1/2-1/2"]
[WhiteElo "1851"]
[BlackElo "1682"]
[PlyCount "58"]
[EventDate "2003.03.07"]
[EventType "tourn"]
[EventRounds "6"]
[EventCountry "CAN"]

1. e4 e5 2. Nf3 Nc6 3. Bc4 Bc5 4. d3 h6 5. Nc3 Nf6 6. h3 d6 7. Be3 Bb6 8. Qd2
Be6 9. Bb3 O-O 10. O-O Nh7 11. Nd5 Ne7 12. Nxb6 axb6 13. d4 Bxb3 14. axb3 Rxa1
15. Rxa1 f6 16. Qe2 Ng6 17. Qc4+ Kh8 18. Qd5 c6 19. Qc4 d5 20. exd5 cxd5 21.
Qb5 e4 22. Nh2 f5 23. Ra7 Rf7 24. Qa4 Rc7 25. c3 f4 26. Ra8 Rc8 27. Rxc8 Qxc8
28. Bd2 Nf6 29. Qb5 Qc6 1/2-1/2

[Event "Quebec-ch U14"]
[Site "Montreal CAN"]
[Date "2003.03.08"]
[Round "3"]
[White "Ye, Ling Feng"]
[Black "Rodriguez, Aaron"]
[Result "1-0"]
[WhiteElo "1649"]
[BlackElo "1796"]
[PlyCount "99"]
[EventDate "2003.03.07"]
[EventType "tourn"]
[EventRounds "6"]
[EventCountry "CAN"]

1. e4 g6 2. Nf3 Bg7 3. d4 d6 4. Nc3 Nf6 5. Bc4 O-O 6. O-O Nbd7 7. Be3 e5 8. Qd2
a6 9. a4 Qe7 10. dxe5 dxe5 11. Bg5 Nb6 12. Ba2 c6 13. a5 Nbd7 14. Rad1 Qb4 15.
Bxf6 Bxf6 16. Ra1 Bg7 17. Rfe1 h6 18. Na4 Qe7 19. Rad1 Nf6 20. Nb6 Rb8 21. Qd6
Qxd6 22. Rxd6 Re8 23. h3 g5 24. g4 Kf8 25. c4 c5 26. Nd2 Ke7 27. Rd3 Be6 28.
Nb3 Red8 29. Nxc5 Rxd3 30. Nxd3 Nd7 31. Na4 Rc8 32. Rc1 f6 33. b4 Kf7 34. Rc2
Bf8 35. c5 Bxa2 36. Rxa2 Be7 37. Nc3 Nb8 38. Rd2 Nc6 39. Nd5 Nd4 40. Kf1 h5 41.
Kg2 hxg4 42. hxg4 Rh8 43. Ne1 Rh4 44. f3 Ke6 45. Nc2 Nb5 46. Nce3 Rh8 47. Nf5
Bf8 48. Nb6 Rh7 49. Rd8 Rf7 50. Nd5 1-0

[Event "Quebec-ch U14"]
[Site "Montreal CAN"]
[Date "2003.03.08"]
[Round "4"]
[White "Mathieu, Jean Phillipe"]
[Black "Ye, Ling Feng"]
[Result "1/2-1/2"]
[WhiteElo "1851"]
[BlackElo "1640"]
[PlyCount "33"]
[EventDate "2003.03.07"]
[EventType "tourn"]
[EventRounds "6"]
[EventCountry "CAN"]

1. e4 c5 2. Nf3 e6 3. d4 cxd4 4. Nxd4 Nf6 5. Nc3 d6 6. Be3 a6 7. Be2 Be7 8. Qd2
b5 9. f3 Bd7 10. O-O Nc6 11. g4 b4 12. Nb1 Nxd4 13. Bxd4 Qa5 14. a3 Rb8 15.
axb4 Qxb4 16. Qxb4 Rxb4 17. Bc3 1/2-1/2

[Event "Quebec-ch U14"]
[Site "Montreal CAN"]
[Date "2003.03.08"]
[Round "4"]
[White "Rodriguez, Aaron"]
[Black "Lawson, Jonathan"]
[Result "0-1"]
[WhiteElo "1796"]
[BlackElo "1682"]
[PlyCount "110"]
[EventDate "2003.03.07"]
[EventType "tourn"]
[EventRounds "6"]
[EventCountry "CAN"]

1. e4 e5 2. Nf3 Nc6 3. Bb5 Bc5 4. O-O Nd4 5. Nxd4 Bxd4 6. c3 Bb6 7. d3 c6 8.
Ba4 Nf6 9. Nd2 O-O 10. h3 d6 11. Nf3 h6 12. Re1 Re8 13. Be3 Bc7 14. Qd2 Bd7 15.
Bb3 d5 16. Bc2 Qe7 17. Rad1 Rad8 18. Qc1 a6 19. Re2 Nh5 20. Rde1 Qf6 21. d4
Bxh3 22. dxe5 Qg6 23. Bg5 hxg5 24. gxh3 Nf4 25. Re3 Nxh3+ 26. Kf1 Qh6 27. exd5
Bb6 28. Nd4 Nf4 29. Be4 Rxe5 30. Bg2 Rxe3 31. Qxe3 cxd5 32. Qe7 Qh2 33. Qxg5 f6
34. Qg4 Qxg2+ 35. Qxg2 Nxg2 36. Kxg2 Bxd4 37. cxd4 Kf7 38. Re3 Rc8 39. Rb3 b5
40. Kf3 Rc4 41. Ke3 g5 42. Ra3 Ra4 43. Rxa4 bxa4 44. Kf3 f5 45. Ke3 Kg6 46. Kf3
Kh5 47. Kg3 f4+ 48. Kg2 g4 49. Kh2 Kh4 50. Kg2 g3 51. f3 a5 52. a3 Kg5 53. Kg1
Kf6 54. Kf1 Ke6 55. Ke2 Kd6 0-1

[Event "Quebec-ch U14"]
[Site "Montreal CAN"]
[Date "2003.03.09"]
[Round "5"]
[White "Mathieu, Jean Phillipe"]
[Black "Rodriguez, Aaron"]
[Result "0-1"]
[WhiteElo "1851"]
[BlackElo "1796"]
[PlyCount "138"]
[EventDate "2003.03.07"]
[EventType "tourn"]
[EventRounds "6"]
[EventCountry "CAN"]

1. e4 g6 2. d4 Bg7 3. Nf3 d6 4. c3 Nf6 5. Bd3 O-O 6. O-O Nbd7 7. Re1 e5 8. dxe5
dxe5 9. b4 b6 10. Bg5 h6 11. Bxf6 Qxf6 12. Nbd2 Bb7 13. Qc2 a6 14. a4 Rac8 15.
Rac1 g5 16. h3 h5 17. Nf1 Rfe8 18. Ne3 Nf8 19. Bc4 Ng6 20. Nd5 Bxd5 21. Bxd5 c6
22. Bc4 b5 23. Bb3 Bf8 24. Qa2 Rc7 25. axb5 axb5 26. Rcd1 Nf4 27. Nh2 Qg6 28.
Qd2 Kg7 29. Bc2 Be7 30. Bd3 Rd8 31. Qc2 Rcd7 32. Be2 Nxe2+ 33. Qxe2 Rxd1 34.
Rxd1 Rxd1+ 35. Qxd1 Qxe4 36. Qxh5 Qe1+ 37. Nf1 Qxc3 38. Ne3 Qe1+ 39. Kh2 Qxf2
40. Ng4 Qf4+ 41. Kg1 Qd4+ 42. Kh1 Qd6 43. Ne3 Qe6 44. Qf3 Bxb4 45. Nf5+ Kf8 46.
Qd3 Qd5 47. Qe2 e4 48. Ng3 Qd3 49. Qg4 Bd6 50. Qc8+ Ke7 51. Nf5+ Kf6 52. Nxd6
Qxd6 53. Qh8+ Kf5 54. Qc8+ Qe6 55. g4+ Kf4 56. Qc7+ Ke3 57. Qa7+ Kf4 58. Qf2+
Ke5 59. Qb2+ Kd6 60. Qd4+ Ke7 61. Qc5+ Kf6 62. Qc3+ Kg6 63. Qh8 Qf6 64. Qg8+
Qg7 65. Qc8 Qf6 66. Qg8+ Kh6 67. Qf8+ Kh7 68. Qe8 Qg6 69. Kg2 b4 0-1

[Event "Quebec-ch U14"]
[Site "Montreal CAN"]
[Date "2003.03.09"]
[Round "5"]
[White "Ye, Ling Feng"]
[Black "Lawson, Jonathan"]
[Result "1/2-1/2"]
[WhiteElo "1649"]
[BlackElo "1682"]
[PlyCount "93"]
[EventDate "2003.03.07"]
[EventType "tourn"]
[EventRounds "6"]
[EventCountry "CAN"]

1. e4 e5 2. Nf3 Nc6 3. Bb5 Bc5 4. O-O Nd4 5. Nxd4 Bxd4 6. c3 Bb6 7. d4 c6 8.
Ba4 d6 9. Be3 Bc7 10. Nd2 Nf6 11. h3 O-O 12. Bc2 Be6 13. Nf3 Qe7 14. Qe2 h6 15.
b3 Rad8 16. Rad1 Rfe8 17. Rfe1 a6 18. c4 Bc8 19. d5 c5 20. Bd2 Nh5 21. a3 a5
22. Rb1 b6 23. Ra1 Nf4 24. Bxf4 exf4 25. Qd3 Qf6 26. Nh2 Qg6 27. Qf3 Re5 28.
Rac1 Rde8 29. Ng4 Bxg4 30. Qxg4 Qxg4 31. hxg4 g5 32. Kf1 Bd8 33. Ke2 Bf6 34.
Rh1 Kg7 35. Rb1 R5e7 36. Rh3 Bd4 37. b4 axb4 38. axb4 Ra7 39. bxc5 Bxc5 40. Rf3
Ra2 41. Kd1 Rea8 42. g3 fxg3 43. fxg3 Ra1 44. Kd2 Rxb1 45. Bxb1 Ra3 46. Bd3
Ra2+ 47. Kc3 1/2-1/2

[Event "Quebec-ch U14"]
[Site "Montreal CAN"]
[Date "2003.03.09"]
[Round "6"]
[White "Lawson, Jonathan"]
[Black "Mathieu, Jean Phillipe"]
[Result "0-1"]
[WhiteElo "1682"]
[BlackElo "1851"]
[PlyCount "140"]
[EventDate "2003.03.07"]
[EventType "tourn"]
[EventRounds "6"]
[EventCountry "CAN"]

1. e4 e5 2. Nf3 Nc6 3. Bc4 Bc5 4. c3 Nf6 5. d3 d6 6. Bb3 O-O 7. Nbd2 Be6 8. Bc2
Qd7 9. Nf1 d5 10. Ng3 dxe4 11. dxe4 Qe8 12. Qe2 Nd7 13. O-O f6 14. Nh4 Qf7 15.
Nhf5 Kh8 16. a4 a6 17. Re1 Ne7 18. b4 Ba7 19. Be3 Bxe3 20. Qxe3 Ng6 21. Nh5 Rg8
22. Rad1 Ne7 23. Nxe7 Qxe7 24. Ng3 Rgd8 25. Nf5 Qf7 26. a5 Nf8 27. Rd2 g6 28.
Ng3 Qe7 29. Red1 Bf7 30. Rxd8 Rxd8 31. Rxd8 Qxd8 32. Qd3 Qe7 33. Ne2 Be8 34.
Bb3 Kg7 35. Qd5 Qf7 36. Qxf7+ Bxf7 37. Bxf7 Kxf7 38. f3 Nd7 39. Kf2 c5 40. Ke3
cxb4 41. cxb4 Ke6 42. Nc3 Nb8 43. Nd5 Nc6 44. h3 f5 45. Kd3 f4 46. Nc7+ Kf6 47.
Nd5+ Kg5 48. Kc4 Kh4 49. Kc5 Kg3 50. Kb6 Kxg2 51. Kxb7 Kxf3 52. Kxc6 Kxe4 53.
Nc3+ Kd3 54. b5 Kxc3 55. b6 f3 56. b7 f2 57. b8=Q f1=Q 58. Qxe5+ Kb3 59. Qd5+
Qc4+ 60. Qxc4+ Kxc4 61. Kb6 h5 62. Kxa6 g5 63. Kb6 g4 64. a6 g3 65. a7 g2 66.
a8=Q g1=Q+ 67. Kc7 Qg3+ 68. Kb6 Qd6+ 69. Ka5 Qa3+ 70. Kb6 Qxa8 0-1